[Event "17th Aeroflot Open-A 2019"]
[Site "Moscow"]
[Date "2019.02.25"]
[Round "7.6"]
[White "Anton Guijarro, David"]
[Black "Lupulescu, Constantin"]
[Result "1/2-1/2"]
[WhiteElo "2642"]
[BlackElo "2610"]
[Annotator "TA"]
[PlyCount "45"]
[EventDate "2019.02.19"]
[EventCountry "RUS"]
[SourceTitle "playchess.com"]
[Source "ChessBase"]
[SourceQuality "1"]

{[%evp 21,45,22,12,12,19,16,14,0,-2,-17,-15,-29,15,14,17,7,6,0,0,0,0,0,0,0,0,0]} 1. d4 Nf6 2. c4 e6 3. Nc3 Bb4 4. f3 d5 5. a3 Bxc3+ 6. bxc3 c6 7. e3 O-O {E20: Nimzo-Indian: 4 g3 and 4 f3} 8. Bd3 b6 (8... Re8 9. Ne2 e5 10. cxd5 cxd5 11. dxe5 Rxe5 12. O-O Nc6 13. Nd4 Re8 14. Bc2 Ne5 15. Qe1 {0-1 (33) Naroditsky,D (2616)-Sargissian,G (2689) chess.com INT 2019}) 9. Ne2 Ba6 10. cxd5 cxd5 11. O-O Bxd3 {LiveBook: 6 Games} 12. Qxd3 Qc8 13. e4 Qa6 14. Qe3 Nc6 15. e5 Nd7 16. Nf4 Rae8 17. a4 {The position is equal.} f6 18. exf6 Nxf6 19. Ba3 ({Not} 19. Nxe6 $2 Qc8 $19) 19... Rf7 $1 20. Bb4 $146 ({Don't go for} 20. Nxe6 $2 Nd8 $19) ({Predecessor:} 20. Rfe1 e5 {½-½ (20) Bagirov,R (2325)-Palac,M (2545) Biel 1998}) 20... e5 21. dxe5 Rxe5 22. Qd2 Qc4 23. Nd3 1/2-1/2

[Event "17th Aeroflot Open-A 2019"]
[Site "Moscow"]
[Date "2019.02.25"]
[Round "7.7"]
[White "Sarana, Alexey"]
[Black "Narayanan.S.L"]
[Result "1-0"]
[WhiteElo "2630"]
[BlackElo "2593"]
[Annotator "TA"]
[PlyCount "167"]
[EventDate "2019.02.19"]
[EventCountry "RUS"]
[SourceTitle "playchess.com"]
[Source "ChessBase"]
[SourceQuality "1"]

{[%evp 10,167,27,12,44,14,26,23,18,6,12,6,28,29,23,33,22,36,31,28,28,30,29,18,33,18,30,25,32,29,29,22,20,17,25,0,24,16,17,21,42,41,41,39,43,39,50,39,39,39,64,39,39,41,55,54,43,47,51,43,47,53,47,33,37,29,33,25,62,71,58,60,57,56,72,69,67,64,132,114,114,114,112,70,112,0,117,117,117,117,117,117,117,117,117,116,110,110,117,102,112,83,132,132,133,110,238,222,155,188,648,648,641,639,630,616,571,558,486,548,496,554,474,486,520,496,1593,446,443,422,326,187,5401,173,195,0,1843,5514,3450,4643,4643,4643,4570,4585,4578,727,4578,4562,4562,8,70,70,70,70,70,68,68,68,29992,29993]} 1. d4 Nf6 2. c4 e6 3. Nf3 d5 4. Nc3 Be7 5. Qc2 O-O 6. Bg5 Na6 {D53: Queen's Gambit Declined: 4 Bg5 Be7: Early deviations} (6... Nbd7 7. Rd1 h6 8. Bh4 c6 9. e3 a6 10. h3 Re8 11. Be2 dxc4 12. Ne5 Nxe5 13. dxe5 Nd5 14. Bg3 Bh4 15. Bxh4 Qxh4 16. O-O Qg5 17. Qe4 b5 {½-½ (83) Andreikin,D (2723)-Kovalenko,I (2657) Sochi 2017}) 7. e3 h6 8. Bh4 c5 {White has an edge.} 9. a3 cxd4 10. Nxd4 Nc5 $146 ({Predecessor:} 10... Bd7 11. cxd5 Nxd5 12. Bxe7 Nxe7 13. Bxa6 bxa6 14. O-O {½-½ (58) Opitz,P (2091)-Mandviwala,P (2270) ICCF email 2011}) 11. Rd1 Bd7 12. cxd5 Nxd5 13. Bxe7 Qxe7 14. Nxd5 exd5 15. Bb5 Rac8 16. O-O Rfd8 17. Qe2 Ne4 18. Bd3 Rc7 19. Qh5 Nf6 20. Qh4 Rdc8 21. h3 Qe5 22. Bb1 Rc4 23. Ba2 R4c5 24. Rfe1 Qg5 25. Qxg5 hxg5 26. f3 g6 27. Kf2 Kf8 28. Rd2 Ba4 29. Bb1 Rc1 30. Ne2 R1c5 31. Rd4 Bb5 32. Nc3 Bc4 33. Red1 b5 34. Bd3 a6 35. Rd2 R5c7 36. h4 gxh4 37. Rxh4 Kg7 38. Rd4 Re7 39. Bxc4 dxc4 40. Rd6 Ra7 41. g4 $36 {[%mdl 2048] White has the initiative.} Rb8 42. g5 Nh7 43. f4 f6 ({Black should try} 43... Nf8 $14) 44. Rd7+ Rxd7 45. Rxd7+ $16 {[%mdl 4096] Endgame KRN-KRN} Kg8 46. Rd6 Kg7 47. Rd7+ (47. gxf6+ $16 Nxf6 48. Rxa6) 47... Kh8 (47... Kg8 $11 {remains equal.}) 48. gxf6 $1 Nxf6 49. Rd6 Kg7 50. Rxa6 b4 51. axb4 Rxb4 52. Ra2 Rb7 53. Kf3 Kf7 54. Ke2 Rb8 55. e4 Nd7 56. Ke3 Nc5 57. Kd4 Nd3 (57... Ne6+ $16 {might work better.} 58. Ke5 (58. Kxc4 Rc8+ 59. Kd5 Nxf4+ 60. Ke5 g5 $16) 58... Nc5 59. Ra7+ Kf8) 58. Ra7+ $18 ({Don't take} 58. Kxc4 $6 Nxf4 59. Nd5 Nxd5 $16) 58... Kf8 59. Nd5 Nxb2 $2 (59... Rxb2 60. Kxc4 Nf2) 60. e5 Re8 61. Ra6 Kf7 62. Rf6+ Kg7 63. Rc6 Kf7 64. Rc7+ Kf8 65. Nf6 Re7 66. Rc8+ Kf7 67. Nd5 Re8 (67... Re6 $142 68. Nc7 Re7 69. e6+ Rxe6) 68. Rc6 (68. Rxe8 $142 Kxe8 69. e6) 68... Re6 69. Rc7+ Kf8 70. Ke4 (70. Rc8+ $142 Kg7 71. Rb8) 70... Ra6 $2 (70... Nd1 71. Rxc4 Nf2+ 72. Kf3 Nd3) 71. Rc8+ $2 (71. f5 {aiming for e6.} gxf5+ 72. Kxf5) 71... Kg7 72. Rc7+ $2 (72. Kd4) 72... Kf8 73. f5 gxf5+ 74. Kxf5 Ra1 75. e6 {Intending Rf7+ and mate.} Rf1+ 76. Kg4 Rg1+ 77. Kh3 (77. Kf3 $142 Rf1+ 78. Kg3) 77... Rh1+ 78. Kg2 {Nf6 would kill now.} Re1 {[#]} 79. Rc8+ $2 (79. Rf7+ $1 $18 Ke8 80. Rh7) 79... Kg7 $14 80. e7 c3 $1 81. Rxc3 Na4 $1 {[%cal Ra4c3]} 82. Rg3+ Kf7 83. Rf3+ Kg7 $2 {[%mdl 8192] [#]} (83... Ke8 $14 84. Rf8+ Kd7) 84. Ne3 $1 {Accuracy: White = 59%, Black = 48%.} 1-0

[Event "17th Aeroflot Open-A 2019"]
[Site "Moscow"]
[Date "2019.02.25"]
[Round "7.8"]
[White "Fier, Alexandr"]
[Black "Zhou, Jianchao"]
[Result "1/2-1/2"]
[WhiteElo "2561"]
[BlackElo "2615"]
[Annotator "TA"]
[PlyCount "84"]
[EventDate "2019.02.19"]
[EventCountry "RUS"]
[SourceTitle "playchess.com"]
[Source "ChessBase"]
[SourceQuality "1"]

{[%evp 15,84,14,26,19,45,32,37,36,25,20,39,39,52,-26,-33,-37,-26,-25,-25,-26,-33,-50,-36,-37,-38,-38,-38,-34,-28,-72,-70,-76,0,-77,-84,-91,-74,-81,-59,-50,-50,-50,-47,-39,-27,-16,0,-27,-28,-32,0,0,0,0,0,0,0,0,0,0,0,0,0,0,0,0,0,0,0,0,0]} 1. e4 c5 2. Nf3 d6 3. d4 cxd4 4. Nxd4 Nf6 5. Nc3 a6 6. f3 e5 7. Nb3 Be6 8. Be3 h5 9. Nd5 {B90: Sicilian Najdorf: Unusual White 6th moves, 6 Be3 Ng4 and 6 Be3 e5} Bxd5 (9... Nxd5 10. exd5 Bf5 11. Bd3 Bxd3 12. Qxd3 Nd7 13. O-O Be7 14. Qd2 O-O 15. Na5 Qc8 16. c4 Bd8 {0-1 (38) Maghsoodloo,P (2679)-Korobov,A (2699) Wijk aan Zee 2019}) 10. exd5 Nbd7 11. Qd2 {White is slightly better.} g6 12. O-O-O Bg7 13. Kb1 O-O 14. h4 ({White should try} 14. h3 $14) 14... e4 $146 ({Predecessor:} 14... a5 15. a4 e4 16. Bb5 Ne5 17. Qf2 exf3 18. gxf3 {1-0 (32) Martynyuk,E (2284)-Bashirli,N (2391) Baku 2018}) 15. f4 Ng4 16. f5 $1 Qf6 {[%csl Gg7][%cal Rf6b2] [#]} 17. Nd4 $1 gxf5 18. Be2 Nxe3 19. Qxe3 f4 $36 {[%mdl 2048] Black has good play.} 20. Qxe4 Rae8 (20... Rfe8 $5 21. Qf3 $8 Re5 $11) 21. Qf3 Re5 22. c3 Nc5 23. g3 fxg3 (23... Qg6+ $17 24. Ka1 fxg3) 24. Qxf6 (24. Qxg3 $11 {keeps the balance.} Qg6+ 25. Qxg6 fxg6 26. Rdg1) 24... Bxf6 $17 25. Rdg1 Ne4 26. Bd3 Kh8 {And now ...Nf2 would win.} 27. Bxe4 $1 Rxe4 {[%mdl 64] [#] Double Attack} 28. Nf5 Be5 {aiming for ...Rg8.} 29. Nxg3 Bxg3 (29... Rg4 {looks sharper.} 30. Nf5 Kh7 31. Kc2 Bf4 32. Re1 Kg6) 30. Rxg3 $15 {[%mdl 4096] Endgame KRR-KRR} Rfe8 31. Rf3 Kg7 32. Kc2 Re1 33. Rxe1 {The position is equal.} Rxe1 $11 {KR-KR} 34. Rg3+ Kf6 35. Rf3+ Kg6 36. Rg3+ $1 Kf6 37. Rf3+ Ke7 38. Rf5 Re2+ 39. Kb3 Re5 40. Rxe5+ $1 dxe5 41. c4 Kd6 {...b5 is the strong threat.} 42. Kc3 f5 {Accuracy: White = 64%, Black = 75%.} (42... b5 $5 43. b3 $8 f6 $11) 1/2-1/2

[Event "17th Aeroflot Open-A 2019"]
[Site "Moscow"]
[Date "2019.02.25"]
[Round "7.9"]
[White "Fedoseev, Vladimir"]
[Black "Vaibhav, Suri"]
[Result "1/2-1/2"]
[WhiteElo "2715"]
[BlackElo "2575"]
[Annotator "TA"]
[PlyCount "98"]
[EventDate "2019.02.19"]
[EventCountry "RUS"]
[SourceTitle "playchess.com"]
[Source "ChessBase"]
[SourceQuality "1"]

{[%evp 18,98,27,18,17,4,0,0,26,17,19,23,23,9,12,8,17,2,5,0,9,14,16,12,6,0,0,0,14,4,29,4,6,0,0,0,11,0,0,0,0,0,12,7,6,10,22,13,21,21,21,0,5,5,125,171,157,121,121,34,32,34,27,0,0,0,0,0,14,7,14,0,0,0,0,0,0,0,0,0,0,0,0]} 1. d4 Nf6 2. Bg5 e6 3. Nd2 c5 4. e3 cxd4 5. exd4 Be7 6. Ngf3 b6 7. Bd3 Bb7 8. O-O Nc6 9. c3 O-O 10. Re1 Nd5 {A47: 1 d4 Nf6 2 Nf3 b6: Torre, London and Colle Systems} 11. Ne4 (11. Bxe7 Ncxe7 12. Bf1 Nf6 13. a4 Rb8 14. Ne5 Qc7 15. a5 bxa5 16. Qa4 Bc6 17. Qa3 Ng6 18. Nxc6 Qxc6 19. g3 a4 {½-½ (55) Kasimdzhanov,R (2685)-Spasov,V (2594) Konya 2011}) 11... Bxg5 12. Nexg5 ({Much worse is} 12. Nfxg5 f5 $17) 12... Nf6 $146 ({Predecessor:} 12... f5 13. Nh3 Nce7 14. Ne5 Ng6 15. Nxg6 hxg6 16. Qd2 Qf6 17. Qg5 Qxg5 18. Nxg5 {1-0 (47) Sosna,J (2358)-Stepan,P (2004) Vsetin 2015}) 13. Qc2 {Hoping for d5.} h6 14. Nh7 Nxh7 15. Bxh7+ Kh8 {And now ...f5 would win.} 16. Be4 Qc7 17. Qd1 Ne7 18. Bc2 Nd5 19. Qd3 {[%csl Gc2][%cal Rd3h7]} g6 20. Ne5 {aiming for Nxg6+!} d6 21. Ng4 h5 22. Ne3 Nf6 (22... Nf4 {keeps more tension.} 23. Qf1 h4 24. g3 Nd5 25. Nxd5 Bxd5 26. Be4 Bxe4 27. Rxe4 hxg3 28. fxg3 Kg7) 23. a4 a6 24. Qc4 Rac8 25. Qxc7 Rxc7 26. Bd3 Rfc8 27. Red1 Kg7 28. f3 h4 29. Kf2 Nd7 30. g4 hxg3+ 31. hxg3 Nf6 32. g4 a5 33. Rh1 Nd5 34. g5 Nxe3 35. Kxe3 Rh8 (35... e5 $11) 36. Rxh8 $16 Kxh8 {[%mdl 4096] Endgame [#] KRB-KRB} 37. Ra3 $1 Bd5 {[#]} 38. Ba6 ({White should try} 38. c4 $1 $16 {[%cal Rc4d5]} Bc6 39. Rb3) 38... Ra7 $14 39. Bb5 Rc7 40. b4 Kg7 {The position is equal.} 41. f4 f6 42. Kd2 Kf7 43. Ra1 Rc8 44. Rg1 Rh8 45. Rg3 Rh2+ 46. Ke1 Rh1+ 47. Ke2 Rh2+ 48. Ke1 Rh1+ 49. Ke2 Rh2+ {Accuracy: White = 51%, Black = 57%.} 1/2-1/2

[Event "17th Aeroflot Open-A 2019"]
[Site "Moscow"]
[Date "2019.02.25"]
[Round "7.10"]
[White "Jumabayev, Rinat"]
[Black "Dubov, Daniil"]
[Result "1/2-1/2"]
[WhiteElo "2604"]
[BlackElo "2703"]
[Annotator "TA"]
[PlyCount "87"]
[EventDate "2019.02.19"]
[EventCountry "RUS"]
[SourceTitle "playchess.com"]
[Source "ChessBase"]
[SourceQuality "1"]

{[%evp 15,87,31,33,8,10,12,19,4,37,16,29,23,41,16,25,20,19,17,41,22,26,22,31,19,37,30,53,50,43,36,51,29,48,48,46,18,14,19,18,16,37,29,49,22,32,26,24,27,53,52,66,4,8,4,4,4,58,22,22,33,34,24,27,24,23,23,23,22,22,22,22,22,22,22]} 1. Nf3 d5 2. g3 c6 3. Bg2 Bg4 4. c4 Nf6 5. Ne5 Be6 6. cxd5 Bxd5 7. Nf3 c5 8. O-O {A11: English Opening: 1...c6} e6 {LiveBook: 37 Games} 9. b3 Be7 10. Bb2 O-O 11. d3 {[%cal Bd2d3,Bd3d4][%mdl 32]} Nbd7 12. e3 $146 ({Predecessor:} 12. Nbd2 b5 13. Qc2 Rc8 14. Rac1 Qb6 15. Qb1 Rfd8 {½-½ (37) Hansen,S (2567)-Parligras,M (2575) Germany 2013}) 12... Bc6 13. Qe2 Nd5 14. Na3 a5 15. d4 a4 16. Rfd1 Re8 17. e4 N5f6 18. dxc5 Bxc5 19. Nd4 Qb8 20. Nc4 axb3 21. axb3 Rxa1 22. Rxa1 Rd8 23. Bc3 Nf8 {[%cal Bd7f8,Bf8g6,Bg6e7][%mdl 32]} 24. Nxc6 bxc6 25. Rb1 Ng6 26. b4 Bd4 27. Qb2 e5 28. Na5 Qb6 29. Qc2 {Threatening Bxd4.} Bxc3 30. Qxc3 Ne7 $1 31. Rc1 h5 32. Nc4 Qd4 33. Bf3 ({White should play} 33. Qxd4 $14 exd4 34. Rd1) 33... Nxe4 $11 34. Qxd4 Rxd4 35. Nxe5 Rxb4 (35... h4 $11) 36. Rd1 Ng5 37. Rd8+ Kh7 {[#] White must now prevent ...Rb5.} 38. Bxh5 {White wants to play h4.} g6 39. Rd7 gxh5 40. Rxe7 {h4 is the strong threat.} h4 $1 41. f4 Rb1+ {The position is equal.} 42. Kf2 Rb2+ $1 43. Ke3 hxg3 44. hxg3 {Precision: White = 51%, Black = 63%.} 1/2-1/2

[Event "17th Aeroflot Open-A 2019"]
[Site "Moscow"]
[Date "2019.02.25"]
[Round "7.11"]
[White "Donchenko, Alexander"]
[Black "Inarkiev, Ernesto"]
[Result "0-1"]
[WhiteElo "2600"]
[BlackElo "2692"]
[Annotator "TA"]
[PlyCount "66"]
[EventDate "2019.02.19"]
[EventCountry "RUS"]
[SourceTitle "playchess.com"]
[Source "ChessBase"]
[SourceQuality "1"]

{[%evp 9,66,17,25,23,28,30,33,29,26,9,29,0,0,0,0,-61,-60,-66,-69,-113,-123,-181,-178,-152,-176,-170,-163,-189,-175,-274,-262,-264,-264,-421,-432,-420,-444,-412,-444,-437,-385,-723,-719,-657,-626,-5359,-5352,-5186,-1575,-2693,-2306,-29980,-29972,-5585,-891,-891,-891,-891,-891]} 1. d4 Nf6 2. c4 g6 3. g3 c5 4. dxc5 Qa5+ 5. Nc3 Bg7 6. Bd2 {E60: King's Indian: Unusual lines and Fianchetto Variation without Nc3} Qxc5 7. Rc1 O-O 8. Bg2 {White is slightly better.} d6 9. b3 Nc6 10. Nd5 $146 ({Predecessor:} 10. Nh3 Bxh3 11. Bxh3 d5 12. cxd5 Nxd5 {0-1 (41) Greet,A (2460)-Howell,D (2685) England 2017}) 10... Qa3 $40 {[%mdl 128] White needs to defend precisely.} 11. Nc3 Rd8 12. Nh3 (12. h4 $11) 12... Bxh3 $15 13. Bxh3 d5 14. Nb5 {[#]} Qc5 $1 {Threatens to win with ...dxc4.} ({But not} 14... Qxa2 $2 15. Ra1 $18) 15. Nc7 {[#]} (15. Nc3 $17) 15... Ne4 $1 $19 {[%csl Ge4][%cal Rc5f2][%mdl 512]} 16. O-O Nxd2 17. Qxd2 {[%cal Rc4d5]} dxc4 18. Qe1 Qh5 19. Nxa8 (19. Kg2 {keeps fighting.}) 19... Qxh3 20. Nc7 Rd7 21. Ne8 (21. Rxc4 {might work better.} Rxc7 22. Rc1) 21... Bd4 22. e3 Ne5 {( -> ...Nf3+)} 23. f3 Nd3 {[%mdl 64] Double Attack} 24. Qd2 Bb6 25. Qc3 $2 (25. Rc2 Rd8 26. Qe2) 25... Bxe3+ {[%mdl 64] Double Attack} 26. Kh1 Rd4 27. Rb1 Nf2+ 28. Rxf2 Bxf2 29. Qb2 Bxg3 30. bxc4 {[#]} Bxh2 $1 {[%mdl 512]} 31. Qg2 (31. Qxh2 Qxf3+) 31... Qxg2+ {Black is clearly winning.} 32. Kxg2 Rd2+ {[%mdl 64] Double Attack} 33. Kh1 b6 {Accuracy: White = 40%, Black = 93%.} 0-1

[Event "17th Aeroflot Open-A 2019"]
[Site "Moscow"]
[Date "2019.02.25"]
[Round "7.12"]
[White "Yakubboev, Nodirbek"]
[Black "Korobov, Anton"]
[Result "0-1"]
[WhiteElo "2569"]
[BlackElo "2687"]
[Annotator "TA"]
[PlyCount "144"]
[EventDate "2019.02.19"]
[EventCountry "RUS"]
[SourceTitle "playchess.com"]
[Source "ChessBase"]
[SourceQuality "1"]

{[%evp 12,144,20,18,37,37,38,29,31,27,39,-2,26,16,12,16,17,0,3,-2,0,0,0,0,0,0,0,0,5,0,0,0,0,0,0,0,0,0,17,10,50,0,0,0,0,0,0,-17,0,0,0,0,0,-6,-4,-3,0,0,0,-16,0,0,2,-3,0,-50,-50,-42,-42,-59,-11,-34,0,-2,0,0,0,0,0,0,-4,-6,-4,-10,-12,-12,-12,-12,-16,-16,0,0,0,0,0,-4,0,0,0,0,0,-8,-8,-8,-8,-8,-8,-51,-25,-44,-45,-48,-8,-8,-4,-25,-8,-289,-289,-313,-225,-346,-346,-278,-278,-381,-381,-375,-374,-373,-366,-348,-338,-6137,-6137]} 1. d4 d5 2. c4 c6 3. Nf3 Nf6 4. e3 Bf5 5. Nc3 e6 6. Be2 Nbd7 7. Nh4 Be4 {D12: Slav Defence: 3 Nf3 Nf6 4 e3 Bf5} 8. f3 Bg6 9. O-O Bd6 {White has an edge.} 10. g3 (10. c5 Bc7 11. f4 Ne4 12. Nxg6 Nxc3 13. bxc3 hxg6 14. c4 Qh4 15. h3 f5 {0-1 (52) Usmanov,V (2470)-Volkov,S (2547) Kazan 2018}) 10... O-O 11. a3 $146 ({Predecessor:} 11. Nxg6 hxg6 12. e4 {½-½ (12) Kinnunen,K (2164)-Lauk,U (2386) Finland 2014}) 11... Bc7 12. Qb3 Rb8 13. Nxg6 hxg6 14. Qa2 Nb6 15. Rd1 e5 16. cxd5 Nbxd5 17. dxe5 Bxe5 18. Qb3 Qe7 19. Nxd5 cxd5 20. Rd3 g5 21. Bd2 Rfe8 22. Re1 Bc7 23. Bc3 Bb6 24. Bd1 Rbd8 25. Kg2 Qe6 26. a4 Ne4 27. Bd4 Nc5 28. Bxc5 $1 Bxc5 29. e4 Bb6 30. Re2 dxe4 31. Rxe4 Qf6 32. Bc2 Rc8 33. Rd2 g6 34. Rxe8+ Rxe8 35. Qc3 Qe7 {White must now prevent ...Qe1.} 36. Bb3 Kh7 ({Wrong is} 36... Qe1 $2 {[#]} 37. Bxf7+ $1 {[%mdl 512]} Kxf7 38. Rd7+ Qe7 39. Rxe7+ Rxe7 40. Kh3 $18) 37. Qc4 Kg7 38. Ba2 f5 39. Qc3+ Kh6 40. Rc2 g4 41. h4 f4 {Strongly threatening ...Qd8.} 42. Bd5 Qd8 43. Qc4 gxf3+ 44. Bxf3 Rf8 45. Qd5 fxg3 46. Kxg3 Qb8+ 47. Kg2 Qf4 {[#]} 48. Qg5+ $1 {[%mdl 512]} Qxg5+ 49. hxg5+ Kxg5 50. Bxb7 $11 {[%mdl 4096] Endgame KRB-KRB} a5 51. b3 Rf4 52. Bf3 Rb4 53. Rc3 Rd4 54. Be2 Rd2 55. Kf3 Rd6 56. Bc4 Kh4 57. Rd3 Rf6+ 58. Ke4 g5 59. Ke5 Rf8 60. Rd7 g4 61. Be6 Be3 62. Rg7 Rf4 63. Kd5 Kg3 64. Kc6 $2 {[%mdl 8192]} (64. Rxg4+ $1 $11 {and White has nothing to worry.} Rxg4 65. Bxg4 Kxg4 66. b4 axb4 67. Kc4) 64... Bd2 $19 65. Rg6 Kf3 66. Kc5 (66. Bd5+ {was called for.} Kf2 67. Kd6) 66... g3 67. Bd5+ Kf2 68. Bb7 Be3+ 69. Kd6 Rb4 70. Bc6 Rxb3 71. Rf6+ Ke1 72. Kd5 $2 (72. Rf7) 72... g2 {Accuracy: White = 43%, Black = 72%.} 0-1

[Event "17th Aeroflot Open-A 2019"]
[Site "Moscow"]
[Date "2019.02.25"]
[Round "7.13"]
[White "Maghsoodloo, Parham"]
[Black "Gordievsky, Dmitry"]
[Result "1-0"]
[WhiteElo "2666"]
[BlackElo "2603"]
[Annotator "TA"]
[PlyCount "71"]
[EventDate "2019.02.19"]
[EventCountry "RUS"]
[SourceTitle "playchess.com"]
[Source "ChessBase"]
[SourceQuality "1"]

{[%evp 12,71,0,0,0,0,0,0,10,19,14,6,16,12,37,27,47,25,21,18,47,39,58,46,62,56,64,65,65,60,82,96,85,83,87,80,86,90,83,41,104,97,110,119,113,115,136,49,45,57,172,75,92,75,333,315,299,322,478,335,591,575]} 1. d4 Nf6 2. Nf3 g6 3. Bg5 Bg7 4. Nbd2 O-O 5. e3 d6 6. Bc4 Nbd7 7. O-O Qe8 {A48: 1 d4 Nf6 2 Nf3 g6: Torre, London and Colle Systems} (7... b6 8. a4 a5 9. e4 e5 10. c3 Bb7 11. Re1 Qe7 12. d5 c6 13. dxc6 Bxc6 14. Bb5 Rfc8 15. Qe2 {1-0 (29) Kramnik,V (2801)-Li,C (2755) Stavanger 2016}) 8. a4 a5 9. e4 e5 {The position is equal.} 10. c3 h6 11. Bh4 Nh5 12. Re1 $36 {[%mdl 2048] White is more active.} Ndf6 $146 ({Predecessor:} 12... Kh8 13. Bb5 f6 14. Nc4 Qe7 15. dxe5 dxe5 {½-½ (51) Ballmann,M (2413)-Cvitan,O (2541) Pontresina 2000}) 13. Bf1 Nf4 14. dxe5 dxe5 15. Nc4 N6h5 16. Nfd2 Bd7 17. f3 Bc6 18. Qc2 Kh8 19. b3 {[%cal Bb2b3,Bb3b4][%mdl 32]} Ne6 20. Rad1 b5 21. axb5 Bxb5 22. Ra1 a4 23. b4 Qb8 24. Bf2 Rd8 25. Nb1 Be8 (25... c5 $1 $14) 26. Nba3 $16 Qc8 27. Nb2 Nhf4 28. Nac4 Ng5 29. Be3 (29. h4 $16 Nge6 30. Nxa4) 29... f5 $14 30. h4 ({But not} 30. Nxa4 fxe4 31. fxe4 Qg4 $15) 30... Nge6 ({Black should play} 30... Nf7 $14) 31. Bf2 (31. exf5 $18 gxf5 {[#]} 32. Nxe5 $1 {[%mdl 512]} (32. Nxa4 Nd5 $14) (32. Qxf5 Bg6 $16)) 31... fxe4 $16 32. Qxe4 g5 $2 {[%mdl 8192] [#]} (32... a3 $16 {was necessary.}) 33. Nxe5 $18 a3 34. Nbc4 {[%cal Bb2c4,Bc4e3,Be3f5][%mdl 32]} a2 (34... Nd5 {might work better.} 35. Bd3 (35. Nxa3 Nxc3 36. Qc4 Nd5 $18) 35... Nf6) 35. Ne3 Nf8 $2 (35... c5 {was called for.} 36. hxg5 hxg5) 36. Nf5 {Accuracy: White = 66%, Black = 42%.} 1-0

[Event "17th Aeroflot Open-A 2019"]
[Site "Moscow"]
[Date "2019.02.25"]
[Round "7.14"]
[White "Sychev, Klementy"]
[Black "Sjugirov, Sanan"]
[Result "1/2-1/2"]
[WhiteElo "2545"]
[BlackElo "2663"]
[Annotator "TA"]
[PlyCount "91"]
[EventDate "2019.02.19"]
[EventCountry "RUS"]
[SourceTitle "playchess.com"]
[Source "ChessBase"]
[SourceQuality "1"]

{[%evp 14,91,0,-7,4,0,3,0,14,1,-12,-18,15,0,14,25,63,49,66,52,37,30,85,0,69,70,74,47,47,54,62,47,67,74,73,79,108,20,29,40,60,0,17,9,9,4,57,63,58,20,31,29,31,21,22,30,18,29,27,18,27,18,18,12,15,0,0,0,0,0,16,16,24,0,16,0,20,0,13,0]} 1. Nf3 Nf6 2. c4 c5 3. Nc3 Nc6 {[%cal Bb8c6,Bc6e5,Be5c4][%mdl 32]} 4. d4 cxd4 5. Nxd4 e6 6. g3 Qb6 7. Ndb5 Ne5 8. Bg2 a6 {A33: Symmetrical English: 2 Nf3 Nf6 3 d4 cxd4 4 Nxd4 e6 5 Nc3 Nc6} 9. Na4 (9. Qa4 Rb8 10. Be3 Bc5 11. Bxc5 Qxc5 12. Qa3 b6 13. Nd6+ Ke7 14. Qxc5 bxc5 15. Nxc8+ Rhxc8 16. b3 d5 17. cxd5 {1-0 (47) Ivanchuk,V (2708)-Saric,I (2685) Mali Losinj 2018}) 9... Qa5+ 10. Nbc3 Nxc4 11. O-O d5 12. b3 Ne5 13. Bf4 Nc6 $146 ({Predecessor:} 13... Ned7 14. Qd2 Qd8 15. e4 e5 16. exd5 {1-0 (44) Lalith,B (2537)-Nagy,G (2410) Caleta 2015}) 14. e4 {[%cal Re4d5]} dxe4 15. Nxe4 Nxe4 16. Bxe4 Be7 17. Qc2 O-O (17... Nd4 $11 {keeps the balance.} 18. Qc7 Bd8 19. Qxa5 Bxa5) 18. Bxh7+ $16 Kh8 19. Be4 $1 e5 20. Be3 Nd4 21. Qd1 {[#] Qh5+ would kill now.} Kg8 22. Rc1 Be6 23. Qh5 {[%csl Ge4][%cal Rh5h7]} f5 {Strongly threatening ...Bf7.} 24. Bxd4 fxe4 25. Qxe5 (25. Bc5 $16 Rae8 26. Qe2 (26. Qxe5 Bxc5 27. Qxc5 Qd2 $16)) 25... Qxe5 $11 26. Bxe5 Rad8 27. Bf4 (27. Rc7 $14 Rd7 28. Rfc1) 27... Bb4 28. Be3 Bh3 29. Rfd1 Bg4 (29... Ba3 $11) 30. Rxd8 $14 Rxd8 31. Nc5 (31. Rc4 $5 {[%cal Rc4b4]} Bf3 32. Rd4 Rxd4 33. Bxd4 $14) 31... Ba3 32. Ra1 Bf5 33. Kg2 Rd5 34. Na4 b5 35. Nc3 Rd3 {[#] ...Bb2 is the strong threat.} 36. Ne2 Bg4 37. Ng1 a5 38. h3 Bd1 39. Kf1 Bc2 40. Ne2 Bb2 41. Re1 Rd7 42. Nf4 {Hoping for Re2.} Bd1 43. Ne2 Bc2 {The position is equal.} 44. Nf4 {Black must now prevent Re2.} Bd1 45. Ne2 Bc2 46. Nf4 {Accuracy: White = 44%, Black = 58%.} 1/2-1/2

[Event "17th Aeroflot Open-A 2019"]
[Site "Moscow"]
[Date "2019.02.25"]
[Round "7.15"]
[White "Zvjaginsev, Vadim"]
[Black "Xu, Yi"]
[Result "1/2-1/2"]
[WhiteElo "2642"]
[BlackElo "2520"]
[Annotator "TA"]
[PlyCount "53"]
[EventDate "2019.02.19"]
[EventCountry "RUS"]
[SourceTitle "playchess.com"]
[Source "ChessBase"]
[SourceQuality "1"]

{[%evp 9,53,0,0,0,0,0,5,3,3,7,8,20,54,40,42,15,47,20,16,4,14,9,27,28,41,37,25,21,49,0,0,0,0,0,6,-39,-37,-36,-44,-47,-51,-38,-31,-44,-15,-8]} 1. Nf3 d5 2. g3 Nf6 3. Bg2 e6 4. O-O Be7 5. d3 O-O {LiveBook: 740 Games} 6. a4 {A07: Réti Opening: New York and Capablanca Systems} (6. Nbd2 a5 7. e4 a4 8. a3 c5 9. Re1 Nc6 10. e5 Nd7 11. Nf1 f6 12. exf6 Nxf6 13. Bf4 Bd6 14. Ne5 {0-1 (36) Amin,B (2710)-Aronian,L (2765) St Petersburg 2018}) 6... c5 7. e4 $146 ({Predecessor:} 7. Qe1 Nc6 8. c3 Re8 9. Na3 a6 10. e4 b5 11. Nc2 Bb7 12. Bd2 dxe4 13. dxe4 Na5 {0-1 (31) Bermond,S (2006)-Cochet,C (2086) Calvi 2005}) 7... dxe4 8. dxe4 Qxd1 9. Rxd1 Nxe4 10. Ne5 Nf6 11. Nc3 {[%mdl 1024] White has compensation.} Na6 {[%cal Bb8a6,Ba6b4,Bb4d5][%mdl 32]} 12. Nb5 Nb4 13. c3 Nbd5 14. a5 a6 15. Na3 Bd6 16. Nac4 Bc7 17. Bg5 Rb8 18. Nd3 Nd7 19. g4 h6 $36 {[%mdl 2048] Black has some pressure.} 20. Bh4 b5 21. axb6 N7xb6 22. Nxb6 Rxb6 23. c4 g5 24. Bxg5 hxg5 25. cxd5 c4 26. Nc5 exd5 27. Rxd5 {Precision: White = 76%, Black = 71%.} 1/2-1/2